| 000 -LEADER | |
|---|---|
| fixed length control field | 00359nam a22001337a 4500 |
| 005 - DATE AND TIME OF LATEST TRANSACTION | |
| control field | 20240820123714.0 |
| 008 - FIXED-LENGTH DATA ELEMENTS--GENERAL INFORMATION | |
| fixed length control field | 170823b xxu||||| |||| 00| 0 eng d |
| 041 ## - LANGUAGE CODE | |
| Language code of text/sound track or separate title | eng |
| 100 ## - MAIN ENTRY--AUTHOR NAME | |
| Personal name | Kumar, Dr Rajendra |
| 245 ## - TITLE STATEMENT | |
| Title | Intellectual Property Rights (Principles & Procesdures |
| 260 ## - PUBLICATION, DISTRIBUTION, ETC. (IMPRINT) | |
| Place of publication | Meerut |
| Name of publisher | Rama Publishing House |
| Year of publication | 2017 |
| 300 ## - PHYSICAL DESCRIPTION | |
| Number of Pages | 368 |
| 942 ## - ADDED ENTRY ELEMENTS (KOHA) | |
| Koha item type | Books |
| Lost status | Damaged status | Home library | Current library | Shelving location | Date acquired | Cost, normal purchase price | Accession Number | Koha item type |
|---|---|---|---|---|---|---|---|---|
| JRU Library | SHELF-6-E | 23/08/2017 | 300.00 | 21843 | Books |